000
00259nam a2200109Ia 4500
008
190914s9999||||xx |||||||||||||| ||und||
100
_a
Thomas R
245
0
_a
Internet Business Models
260
_a
New Delhi
_b
Bantam Books
_c
2010
300
_a
672
942
_c
BK
999
_c
9184
_d
9184